000 00765nam a22002177a 4500
005 20100812115710.0
010 _aENG-99785
020 _a9789380173887
_c75.00
035 _aEN-83317
037 _bDBAD/PUB
082 _a005.756
100 _aDevi, S. Rathna
_911923
245 _aSQL & PL/SQL queries /
_cby S. Rathna Devi
260 _aKoradacherry
_bAruma Publication
_c2009
270 _a35, Gandhi Colony
_bKoradacherry
_e613703
300 _a128p.
_c20cm (pbk)
650 _aDatabase Management
_911924
650 _aSQL (computer programme language)
_911925
942 _2ddc
_cEN
_h005.756
_mDEV
999 _c41270
_d41270